Score 0/30 Timer 04:00
4 Plays Today
First Word % Correct
SpongeBob
97.1%
Teenage
96.9%
My
96.7%
Alvin
96.4%
Dora
94.3%
King
93.6%
Hey
93.5%
Inspector
91.8%
Beavis
89.5%
Chip
87.9%
Dragon
87.5%
Kim
87.3%
Ed,
87.1%
Pinky
85.2%
Bob's
85%
First Word % Correct
Blue's
84.1%
Johnny
79.6%
American
78.1%
South
77.3%
Avatar:
72%
Courage
66.8%
Popeye
65.8%
Hong
64.7%
Aqua
60.4%
Rocko's
60.4%
Captain
54.3%
BoJack
48.7%
Adventure
48.5%
Foster's
36.7%
Codename:
31.6%
Remove Ads.
Support Sporcle.
Get the best of Sporcle when you Go Orange. This ad-free experience offers more features, more stats, and more fun while also helping to support Sporcle. Thank you for becoming a member.

You're not logged in!

Compare scores with friends on all Sporcle quizzes.
OR
Log In

Show Comments

Extras

Top Quizzes Today


Score Distribution

Your Account Isn't Verified!

In order to create a playlist on Sporcle, you need to verify the email address you used during registration. Go to your Sporcle Settings to finish the process.

Report this User

Report this user for behavior that violates our Community Guidelines.

Details: